| 000 | 01177cam a22003495a 4500 | ||
|---|---|---|---|
| 001 | ocn154699503 | ||
| 003 | EG-ScBUE | ||
| 005 | 20250709094338.0 | ||
| 008 | 070829t2007 gw a f b 001 0 eng d | ||
| 020 | _a9783527316724 | ||
| 020 | _a3527316728 | ||
| 040 |
_aUKM _beng _erda _cUKM _dBTCTA _dBAKER _dEG-ScBUE |
||
| 082 | 0 | 4 |
_222 _a660.2995 _bCHO |
| 100 | 1 |
_aChorkendorff, I. _q(Ib), _d1955- _eauthor. _939712 |
|
| 245 | 1 | 0 |
_aConcepts of modern catalysis and kinetics / _cI. Chorkendorff, J. W. Niemantsverdriet. |
| 250 | _aSecond, revised and enlarged edition. | ||
| 264 | 1 |
_aWeinheim : _bWiley-VCH Verlag GmbH & Co. KGaA, _c[2007] |
|
| 264 | 4 | _cc2007 | |
| 300 |
_axx, 457 pages : _billustrations ; _c25 cm |
||
| 336 |
_2rdacontent _atext _btxt |
||
| 337 |
_2rdamedia _aunmediated _bn |
||
| 338 |
_2rdacarrier _avolume _bnc |
||
| 500 | _aPrevious ed. : 2003. | ||
| 504 | _aIncludes bibliographical references and index. | ||
| 650 | 7 |
_aCatalysis. _2BUEsh _96273 |
|
| 650 | 7 |
_aChemical kinetics. _2BUEsh _96220 |
|
| 651 | _2BUEsh | ||
| 653 |
_bENGCHE _cMarch2016 _cFebruary2017 |
||
| 655 | _vText book | ||
| 700 | 1 |
_aNiemantsverdriet, J. W., _eauthor. |
|
| 942 |
_2ddc _cBB |
||
| 999 |
_c21541 _d21513 |
||